[Event "Druzynowe Mistrzostwa Polski Juniorow - Ekstraliga Juniorow 2019"]
[Site "DW Globus Ustron Jaszowiec ul. Turystyczna 6"]
[Date "1899-12-30"]
[Round "4.19"]
[White "Kosakowski, Jakub"]
[Black "Chylewski, Patryk"]
[Result "1-0"]
[WhiteTitle "FM"]
[BlackTitle "FM"]
[WhiteElo "2390"]
[BlackElo "2400"]

1. e4 c5 2. Nf3 d6 3. d4 cxd4 4. Nxd4 Nf6 5. Nc3 a6 6. h3 e6 7. g4 h6 8. Bg2 Nbd7
9. Qe2 g5 10. Be3 Ne5 11. O-O Ng6 12. Rad1 Be7 13. e5 Nxe5 14. f4 gxf4 15. Rxf4
Nfd7 16. Rdf1 Nf8 17. Ne4 Nfg6 18. Nf6+ Kf8 19. R4f2 Bxf6 20. Rxf6 Qe7 21. g5
h5 22. Nf3 Nd7 23. Rxg6 fxg6 24. Ne5+ Kg7 25. Rf7+ Qxf7 26. Nxf7 Kxf7 27. Qd3
d5 28. c4 dxc4 29. Qf1+ Ke7 30. Bc5+ Ke8 31. Bd6 1-0

[Event "Druzynowe Mistrzostwa Polski Juniorow - Ekstraliga Juniorow 2019"]
[Site "DW Globus Ustron Jaszowiec ul. Turystyczna 6"]
[Date "1899-12-30"]
[Round "4.20"]
[White "Kowalski, Igor"]
[Black "Pytel, Maciej"]
[Result "1-0"]
[WhiteTitle "FM"]
[BlackTitle "k"]
[WhiteElo "2320"]
[BlackElo "1988"]

1. d4 Nf6 2. c4 e6 3. Nf3 Bb4+ 4. Bd2 Qe7 5. g3 Nc6 6. Bg2 Bxd2+ 7. Qxd2 Ne4 8.
Qc2 Qb4+ 9. Nc3 Nxc3 10. Qxc3 Qxc3+ 11. bxc3 d6 12. Rb1 Na5 13. Nd2 Rb8 14. O-O
Ke7 15. f4 b6 16. Be4 Ba6 17. Bd3 c5 18. d5 g6 19. g4 Rhg8 20. Rf3 Rg7 21. h4
Kd7 22. Kf2 Re8 23. Rg1 exd5 24. cxd5 Bxd3 25. Rxd3 f6 26. e4 Rge7 27. Re3 Kc7
28. Rge1 h6 29. Rg1 b5 30. g5 hxg5 31. hxg5 f5 32. Rh1 fxe4 33. Rh6 Rg7 34. Rxe4
Rxe4 35. Nxe4 Nc4 36. Nf6 Kb6 37. Rh7 Rxh7 38. Nxh7 a5 39. Ke2 a4 40. Kd3 a3 41.
Nf8 Ne3 42. f5 Nxf5 43. Nxg6 b4 44. cxb4 cxb4 45. Kc4 Ka5 46. Nf4 Ne3+ 47. Kb3
Kb5 48. g6 Nf5 49. Ne6 Ne7 50. g7 Ng8 51. Nd4+ Kc5 52. Nc2 Kxd5 53. Nxb4+ Ke6
54. Kxa3 Kf7 55. Ka4 Kxg7 56. Kb5 Kf7 57. a4 Ke6 58. a5 Kd7 59. Nd5 1-0

[Event "Druzynowe Mistrzostwa Polski Juniorow - Ekstraliga Juniorow 2019"]
[Site "DW Globus Ustron Jaszowiec ul. Turystyczna 6"]
[Date "1899-12-30"]
[Round "4.21"]
[White "Karolczuk, Iwo"]
[Black "Fiszer, Bartosz"]
[Result "1/2-1/2"]
[WhiteTitle "I++"]
[BlackTitle "CM"]
[WhiteElo "2031"]
[BlackElo "2105"]

1. Nf3 Nf6 2. d4 g6 3. c3 Bg7 4. Bf4 O-O 5. e3 d5 6. Be2 c5 7. O-O Nc6 8. dxc5
Ne4 9. Bb5 Nxc5 10. Na3 Re8 11. Rc1 a6 12. Bxc6 bxc6 13. b4 Ne4 14. Be5 f6 15.
Bg3 Nxg3 16. hxg3 e5 17. Nd2 Bf8 18. Nc2 a5 19. a3 Be6 20. Ne1 axb4 21. axb4 Ra2
22. Nd3 Qb6 23. Nb3 Rea8 24. Ndc5 Bc8 25. Qf3 Kg7 26. e4 dxe4 27. Qxe4 Bf5 28.
Qf3 h5 29. Rfd1 Qb5 30. Re1 Rb2 31. Ra1 Raa2 32. Rxa2 Rxa2 33. Qe3 Qc4 34. Nd2
Qd5 35. Nde4 Be7 36. Rc1 Bxe4 37. Nxe4 f5 38. Ng5 Bf6 39. Nf3 e4 40. Nd4 Kh7 41.
Qf4 Be5 42. Qg5 Bxd4 43. cxd4 Qxd4 44. Qe7+ Kh6 45. Qf8+ Kg5 46. Qe7+ Kh6 47.
Qf8+ Kg5 48. Qe7+ Kh6 49. Qf8+ 1/2-1/2

[Event "Druzynowe Mistrzostwa Polski Juniorow - Ekstraliga Juniorow 2019"]
[Site "DW Globus Ustron Jaszowiec ul. Turystyczna 6"]
[Date "1899-12-30"]
[Round "4.22"]
[White "Rylski, Tadeusz"]
[Black "Budzisz, Adrian"]
[Result "0-1"]
[WhiteTitle "II+"]
[BlackTitle "I"]
[WhiteElo "1502"]
[BlackElo "1796"]

1. d4 Nf6 2. c4 e6 3. Nf3 b6 4. Bg5 h6 5. Bh4 Bb4+ 6. Nc3 Bb7 7. e3 c5 8. a3 Bxc3+
9. bxc3 Na6 10. d5 d6 11. Bd3 O-O 12. O-O Nc7 13. e4 g5 14. Bg3 Nh5 15. Bc2 f5
16. exf5 exf5 17. Nd2 Nxg3 18. fxg3 Qf6 19. Qf3 Bc8 20. Rae1 Ne8 21. Qd3 Qg7 22.
Re3 Nf6 23. Qe2 Ng4 24. Re8 Qxc3 25. Rxf8+ Kxf8 26. Re1 Qd4+ 27. Kh1 Nf2+ 28.
Kg1 Ne4+ 29. Kh1 Nf2+ 30. Kg1 Ne4+ 31. Kh1 Qxd2 32. Bxe4 Qxe2 33. Rxe2 fxe4 34.
Rxe4 Bd7 35. Kg1 Re8 0-1

[Event "Druzynowe Mistrzostwa Polski Juniorow - Ekstraliga Juniorow 2019"]
[Site "DW Globus Ustron Jaszowiec ul. Turystyczna 6"]
[Date "1899-12-30"]
[Round "4.23"]
[White "Koruch, Maria"]
[Black "Moscicka, Pola"]
[Result "1/2-1/2"]
[WhiteTitle "I+"]
[BlackTitle "k++"]
[WhiteElo "1677"]
[BlackElo "1858"]

1. d4 Nf6 2. c4 c5 3. d5 e6 4. Nc3 exd5 5. cxd5 d6 6. e4 g6 7. f4 Bg7 8. Bb5+ Nfd7
9. Nf3 O-O 10. O-O a6 11. Bd3 b5 12. Qe1 b4 13. Nd1 Bb7 14. Ne3 Re8 15. Qg3 Nf6
16. f5 Nh5 17. Qf2 Nd7 18. Nc4 Nb6 19. Nxb6 Qxb6 20. Ng5 Rf8 21. Kh1 h6 22. g4
Nf6 23. Nf3 Nxg4 24. Qh4 h5 25. Rg1 c4 26. Rxg4 cxd3 27. f6 Bh8 28. Qxh5 Bxf6
29. Bh6 Bg7 30. Rag1 gxh5 31. Rxg7+ Kh8 32. Ng5 Qd4 33. Rh7+ Kg8 34. Bxf8 Qxg1+
35. Kxg1 Rxf8 36. Kf2 Bc8 37. Ke3 Bg4 38. Rh6 f6 39. Rg6+ Kh8 40. Ne6 Rf7 41.
Rh6+ Kg8 42. Kxd3 f5 43. Nf4 1/2-1/2

[Event "Druzynowe Mistrzostwa Polski Juniorow - Ekstraliga Juniorow 2019"]
[Site "DW Globus Ustron Jaszowiec ul. Turystyczna 6"]
[Date "1899-12-30"]
[Round "4.24"]
[White "Zabrzanska, Weronika"]
[Black "Szczotka, Klara"]
[Result "0-1"]
[WhiteTitle "I++"]
[BlackTitle "I++"]
[WhiteElo "1748"]
[BlackElo "1786"]

1. e4 c5 2. Nf3 e6 3. d4 cxd4 4. Nxd4 a6 5. Nc3 Qc7 6. Bd3 Nf6 7. Qe2 d6 8. f4
b5 9. O-O Bb7 10. Kh1 Be7 11. e5 dxe5 12. fxe5 Nfd7 13. Bf4 Nc6 14. Nf3 Nc5 15.
Rad1 Rd8 16. a3 O-O 17. Ne4 Nxe4 18. Qxe4 g6 19. Qe3 Rfe8 20. Ng5 Bf8 21. Ne4
Be7 22. Nf6+ Bxf6 23. exf6 e5 24. Bxe5 Qd6 25. Bxd6 Rxe3 26. Bc5 Re5 27. Bb6 Rde8
28. Kg1 R8e6 29. Bc7 Rg5 30. Bf4 Rc5 31. Bg3 Kf8 32. Rde1 Rd5 33. Rxe6 fxe6 34.
Be4 Rd7 35. Bf4 Kf7 36. c3 Na5 37. Bxb7 Nxb7 38. Be3 Nd6 39. Bd4 Nf5 40. Be5 Ne3
41. Re1 Nc4 42. Kf1 Rd5 43. Bd4 Nxb2 44. Re3 Nc4 45. Re2 e5 46. Bf2 Kxf6 47. Be1
a5 48. Ra2 a4 49. Ke2 Kf5 50. Bf2 Ke4 51. Be1 Rd3 52. h3 g5 53. Ra1 Re3+ 54. Kf2
h5 55. Ra2 Kd3 56. Kf1 Re4 57. Bf2 Kxc3 58. Bc5 Kb3 59. Ra1 Kb2 0-1

[Event "Druzynowe Mistrzostwa Polski Juniorow - Ekstraliga Juniorow 2019"]
[Site "DW Globus Ustron Jaszowiec ul. Turystyczna 6"]
[Date "1899-12-30"]
[Round "4.25"]
[White "Gumularz, Szymon"]
[Black "Lukasiewicz, Krzysztof"]
[Result "1-0"]
[WhiteTitle "IM"]
[BlackTitle "k"]
[WhiteElo "2495"]
[BlackElo "2172"]

1. e4 e5 2. Nf3 Nc6 3. Bb5 Nf6 4. O-O Bc5 5. c3 O-O 6. d3 d6 7. Nbd2 Be6 8. h3
a5 9. Re1 Qb8 10. Bxc6 bxc6 11. d4 exd4 12. cxd4 Bb4 13. Qc2 Bd7 14. a3 Bxd2 15.
Bxd2 a4 16. Bc3 Nh5 17. Qd2 h6 18. e5 Qc8 19. Re4 f5 20. Rh4 Qe8 21. Re1 Qg6 22.
d5 cxd5 23. exd6 Nf6 24. Re7 Be8 25. dxc7 Ne4 26. Rhxe4 dxe4 27. Nh4 e3 28. Nxg6
exd2 29. Rxg7# 1-0

[Event "Druzynowe Mistrzostwa Polski Juniorow - Ekstraliga Juniorow 2019"]
[Site "DW Globus Ustron Jaszowiec ul. Turystyczna 6"]
[Date "1899-12-30"]
[Round "4.26"]
[White "Sernecki, Franciszek"]
[Black "Czopor, Maciej"]
[Result "1-0"]
[WhiteTitle "I++"]
[BlackTitle "k"]
[WhiteElo "2283"]
[BlackElo "2250"]

1. e4 c5 2. Nf3 e6 3. Nc3 Nc6 4. d4 cxd4 5. Nxd4 Qc7 6. g3 a6 7. Bg2 Nf6 8. O-O
Be7 9. Re1 d6 10. Nxc6 bxc6 11. e5 dxe5 12. Rxe5 O-O 13. Bf4 Qb7 14. Re1 Rd8 15.
Qe2 Bd7 16. Be5 Nd5 17. Rad1 Be8 18. Bd4 Rac8 19. Ne4 c5 20. Be5 Qb6 21. c4 Nb4
22. Qg4 Bf8 23. Nf6+ Kh8 24. Qh5 h6 25. Nxe8 Rxe8 26. Qxf7 Nc6 27. Bxc6 Qxc6 28.
Rd7 1-0

[Event "Druzynowe Mistrzostwa Polski Juniorow - Ekstraliga Juniorow 2019"]
[Site "DW Globus Ustron Jaszowiec ul. Turystyczna 6"]
[Date "1899-12-30"]
[Round "4.27"]
[White "Luberanski, Jakub"]
[Black "Wieczorek, Mikolaj"]
[Result "1-0"]
[WhiteTitle "I++"]
[BlackTitle "I"]
[WhiteElo "2010"]
[BlackElo "1751"]

1. d4 Nf6 2. Nf3 c5 3. d5 e6 4. c4 b5 5. Bg5 h6 6. Bh4 bxc4 7. Nc3 Bb7 8. e4 Qb6
9. Qd2 exd5 10. exd5 Be7 11. Ne5 d6 12. Nxc4 Qd8 13. O-O-O O-O 14. Rg1 Nbd7 15.
g4 Ne8 16. Bxe7 Qxe7 17. g5 hxg5 18. Rxg5 f6 19. Re1 Qf7 20. Bh3 Bxd5 21. Rxd5
Ne5 22. Qe2 Rb8 23. Nxd6 Nxd6 24. Rxd6 Qg6 25. f4 Qh6 26. Be6+ Kh8 27. Qe3 Ng6
28. f5 Qxh2 29. Rd2 1-0

[Event "Druzynowe Mistrzostwa Polski Juniorow - Ekstraliga Juniorow 2019"]
[Site "DW Globus Ustron Jaszowiec ul. Turystyczna 6"]
[Date "1899-12-30"]
[Round "4.28"]
[White "Halhoul, Adam"]
[Black "Starosciak, Szymon"]
[Result "0-1"]
[WhiteTitle "II+"]
[BlackTitle "I"]
[WhiteElo "1609"]
[BlackElo "1697"]

1. d4 Nf6 2. c4 g6 3. Nc3 Bg7 4. e4 d6 5. Be2 O-O 6. Nf3 Nbd7 7. O-O e5 8. b4 a5
9. bxa5 exd4 10. Nxd4 Nc5 11. f3 Rxa5 12. Nd5 Nxd5 13. exd5 Re8 14. Qd2 Bxd4+
15. Qxd4 Rxe2 16. Bb2 f6 17. Rfe1 Rxe1+ 18. Rxe1 Ra8 19. g4 Bd7 20. g5 Rxa2 21.
Bc3 Nb3 22. Qd1 Qa8 23. Re3 Qa7 24. Qe1 Bh3 25. Bxf6 Rc2 26. Kh1 Bg2+ 27. Kg1
Rc1 28. Kxg2 Rxe1 29. Rxe1 Qa4 30. Re7 Qxc4 31. Re8+ Kf7 32. Re7+ Kf8 33. Rxh7
Qxd5 34. Rxc7 Nd2 35. Rc8+ Kf7 36. Rc7+ Ke6 37. Re7+ Kf5 38. Re3 Kf4 0-1

[Event "Druzynowe Mistrzostwa Polski Juniorow - Ekstraliga Juniorow 2019"]
[Site "DW Globus Ustron Jaszowiec ul. Turystyczna 6"]
[Date "1899-12-30"]
[Round "4.29"]
[White "Harazinska, Magdalena"]
[Black "Frej, Zofia"]
[Result "0-1"]
[WhiteTitle "WFM"]
[BlackTitle "k"]
[WhiteElo "2004"]
[BlackElo "1903"]

1. d4 e6 2. c4 c5 3. d5 exd5 4. cxd5 d6 5. Nc3 g6 6. e4 Bg7 7. Bd3 Ne7 8. Nge2
O-O 9. Bf4 a6 10. a4 f5 11. Qd2 Kh8 12. O-O Qc7 13. Ng3 Nd7 14. exf5 Nxf5 15.
Bxf5 gxf5 16. Nh5 Ne5 17. Nxg7 Qxg7 18. f3 Nc4 19. Qf2 Bd7 20. Kh1 b5 21. b3 Ne5
22. Qd2 Rfe8 23. a5 Rg8 24. g3 Rae8 25. Rae1 b4 26. Nd1 Bb5 27. Bxe5 dxe5 28.
Rg1 Qf6 29. Nf2 Rg7 30. Qc2 Rc7 31. Qb2 Qd6 32. Rd1 c4 33. g4 cxb3 34. Rd2 Rc2
35. Rxc2 bxc2 36. Qxc2 Qxd5 37. Qxf5 Qe6 38. Qxe6 Rxe6 39. Rb1 Rf6 40. Kg2 Rf4
41. Nh3 Rd4 42. Ng5 Bd3 43. Rb2 Bg6 44. Kg3 Rc4 45. Rd2 Rd4 46. Rb2 Kg8 47. h4
Bd3 48. h5 h6 49. Ne6 Rc4 50. Rd2 Rc3 51. Nc5 Rxc5 52. Rxd3 Rxa5 53. Rd8+ Kf7
54. Rd7+ Ke8 55. Rd3 Rb5 56. g5 hxg5 57. Kg4 b3 58. h6 Kf7 59. Rd7+ Kg6 60. Rd6+
Kh7 61. Kh5 Rb7 0-1

[Event "Druzynowe Mistrzostwa Polski Juniorow - Ekstraliga Juniorow 2019"]
[Site "DW Globus Ustron Jaszowiec ul. Turystyczna 6"]
[Date "1899-12-30"]
[Round "4.30"]
[White "Scisla, Oliwia"]
[Black "Pawicka, Magdalena"]
[Result "1-0"]
[WhiteTitle "I++"]
[BlackTitle "I"]
[WhiteElo "1247"]
[BlackElo "1700"]

1. e4 c5 2. Nf3 e6 3. d3 Nc6 4. Be2 Nge7 5. Be3 Ng6 6. c3 d5 7. exd5 exd5 8. d4
c4 9. O-O Bd6 10. Re1 O-O 11. Nbd2 Qc7 12. h3 Nf4 13. Bxf4 Bxf4 14. Nf1 Bf5 15.
Nh4 Bg6 16. Nxg6 fxg6 17. Bg4 Kh8 18. g3 Bd6 19. Be6 Ne7 20. Qg4 Rf6 21. h4 Raf8
22. Re2 Rf3 23. Kg2 R3f6 24. Ne3 Qc6 25. Bd7 Qa6 26. Qh3 b5 27. a4 b4 28. f4 h5
29. Nd1 Nf5 30. Bxf5 Rxf5 31. Re6 R8f6 32. Re8+ Rf8 33. Re6 bxc3 34. bxc3 R5f6
35. Rxf6 Rxf6 36. Qd7 Qb6 37. Qb5 Bc7 38. Rb1 Qe6 39. Nf2 Rf8 40. Qc5 Qf5 41.
Rb5 Bxf4 42. Qxd5 Qc2 43. gxf4 Rxf4 44. Rb8+ Kh7 45. Qg8+ Kh6 46. Qh8# 1-0

[Event "Druzynowe Mistrzostwa Polski Juniorow - Ekstraliga Juniorow 2019"]
[Site "DW Globus Ustron Jaszowiec ul. Turystyczna 6"]
[Date "1899-12-30"]
[Round "5.1"]
[White "Lukasiewicz, Krzysztof"]
[Black "Psyk, Radoslaw"]
[Result "1/2-1/2"]
[WhiteTitle "k"]
[BlackTitle "k++"]
[WhiteElo "2172"]
[BlackElo "2311"]

1. Nf3 d5 2. d4 Nf6 3. c4 e6 4. Nc3 Be7 5. cxd5 exd5 6. Bg5 Nbd7 7. e3 O-O 8. Bd3
Re8 9. O-O c6 10. Qc2 Nf8 11. h3 Ne4 12. Bxe7 Qxe7 13. Bxe4 dxe4 14. Nd2 f5 15.
Rae1 Be6 16. f3 exf3 17. Nxf3 Ng6 18. b3 Qd7 19. Ng5 Rf8 20. Qe2 Ne7 21. Qh5 h6
22. Nxe6 Qxe6 23. Kh1 Nd5 24. Nxd5 Qxd5 25. Rf3 Rf6 26. Ref1 Raf8 27. Qh4 a5 28.
Rc1 Qd6 29. Qf2 g6 30. Qd2 b6 31. Qd3 Re6 32. Qa6 Qd8 33. Rc3 Rfe8 34. Qc4 Kg7
35. Rd3 Qd5 36. Qxd5 cxd5 37. Rc3 h5 38. h4 Kf6 39. Kg1 Re4 40. g3 Ke7 41. Rf1
Kf6 42. Kf2 g5 43. Rc6+ R4e6 44. hxg5+ Kxg5 1/2-1/2

[Event "Druzynowe Mistrzostwa Polski Juniorow - Ekstraliga Juniorow 2019"]
[Site "DW Globus Ustron Jaszowiec ul. Turystyczna 6"]
[Date "1899-12-30"]
[Round "5.2"]
[White "Malicka, Maria"]
[Black "Sernecki, Franciszek"]
[Result "0-1"]
[WhiteTitle "WCM"]
[BlackTitle "I++"]
[WhiteElo "2115"]
[BlackElo "2283"]

1. e4 c6 2. d4 d5 3. Nc3 dxe4 4. Nxe4 Bf5 5. Ng3 Bg6 6. Nf3 Nd7 7. Bd3 Bxd3 8.
Qxd3 e6 9. O-O Ngf6 10. Re1 Be7 11. c4 Qc7 12. Ne5 Nxe5 13. dxe5 Nd7 14. f4 O-O-O
15. Qe2 Bh4 16. Be3 Bxg3 17. hxg3 c5 18. a3 Nb8 19. b4 Na6 20. Qf2 b6 21. b5 Nb8
22. a4 Rd3 23. a5 Rhd8 24. axb6 axb6 25. Kh2 Qb7 26. Ra4 Rc3 27. Qa2 Rd7 28. Re2
Qe4 29. Bxc5 Qg6 30. Bf2 Rd1 31. Be1 Rxe1 32. Rxe1 Qxg3+ 33. Kg1 Qxe1+ 34. Kh2
Qh4+ 0-1

[Event "Druzynowe Mistrzostwa Polski Juniorow - Ekstraliga Juniorow 2019"]
[Site "DW Globus Ustron Jaszowiec ul. Turystyczna 6"]
[Date "1899-12-30"]
[Round "5.3"]
[White "Wieczorek, Mikolaj"]
[Black "Iwaszkiewicz, Krzysztof"]
[Result "0-1"]
[WhiteTitle "I"]
[BlackTitle "I"]
[WhiteElo "1751"]
[BlackElo "1770"]

1. e4 c5 2. Nf3 e6 3. d4 cxd4 4. Nxd4 Nf6 5. Nc3 Nc6 6. g3 Bb4 7. Bg2 d5 8. exd5
Nxd5 9. O-O O-O 10. Nxd5 exd5 11. c3 Be7 12. Be3 Ne5 13. Bf4 Nc4 14. b3 Na3 15.
Re1 Bc5 16. Rc1 b5 17. b4 Bxd4 18. Qxd4 Be6 19. Be5 f6 20. Bf4 Bf7 21. Red1 Re8
22. Kf1 g5 23. Be3 Nc4 24. Re1 a5 25. Rb1 Na3 26. Rb2 Nc4 27. Rbb1 Qd6 28. Kg1
Na3 29. Rbc1 axb4 30. cxb4 Nc4 31. Rcd1 Red8 32. h4 h6 33. hxg5 hxg5 34. Qc5 Rxa2
35. Qxd6 Rxd6 36. Bc5 Rd7 37. Re7 Rd8 38. Rb7 Nd6 39. Rb6 Ne8 40. Rxb5 Rc2 41.
Rb7 Nd6 42. Rb6 Ne8 43. Rb7 Nd6 44. Ra7 Nb5 45. Ra6 Nc3 46. Rda1 d4 47. Ra8 Rxa8
48. Rxa8+ Kg7 49. Bf1 Rc1 50. Rd8 Bc4 51. Bxd4 Bxf1 52. Rd7+ Kg6 53. Rd6 Ne2+
54. Kh2 Nxd4 55. Rxd4 Bb5 56. f4 g4 57. f5+ Kg5 58. Kg2 Bc6+ 59. Kf2 Kxf5 60.
b5 Bf3 61. Rb4 Rc7 62. b6 Rb7 63. Rb5+ Ke6 64. Rb4 f5 65. Ke3 Be4 66. Rb2 Kd6
67. Rd2+ Kc6 68. Rh2 Kxb6 69. Kf4 Kc5 70. Rf2 Kc4 71. Rf1 Kc3 72. Rg1 Rb1 73.
Rxb1 Bxb1 74. Ke3 Be4 75. Kd4+ 0-1

[Event "Druzynowe Mistrzostwa Polski Juniorow - Ekstraliga Juniorow 2019"]
[Site "DW Globus Ustron Jaszowiec ul. Turystyczna 6"]
[Date "1899-12-30"]
[Round "5.4"]
[White "Klim, Filip"]
[Black "Halhoul, Adam"]
[Result "0-1"]
[WhiteTitle "I"]
[BlackTitle "II+"]
[WhiteElo "1557"]
[BlackElo "1609"]

1. e4 c5 2. Nf3 d6 3. d4 cxd4 4. Nxd4 Nf6 5. Nc3 g6 6. Be3 Bg7 7. f3 Nc6 8. Qd2
O-O 9. O-O-O d5 10. Qe1 e5 11. Nxc6 bxc6 12. exd5 Nxd5 13. Bc4 Be6 14. Kb1 Qc7
15. Nxd5 cxd5 16. Bxd5 Rab8 17. Bb3 Rfc8 18. Qe2 Bf5 19. g4 Rxb3 20. gxf5 Rxb2+
21. Kxb2 Qc3+ 22. Kc1 e4 23. Qf2 Qb2+ 24. Kd2 Rxc2+ 25. Ke1 Rxf2 26. Rd8+ Bf8
27. Bxf2 exf3 28. Kd1 Qb1+ 29. Kd2 Qxh1 30. Bc5 Qxh2+ 31. Kc1 f2 0-1

[Event "Druzynowe Mistrzostwa Polski Juniorow - Ekstraliga Juniorow 2019"]
[Site "DW Globus Ustron Jaszowiec ul. Turystyczna 6"]
[Date "1899-12-30"]
[Round "5.5"]
[White "Frej, Zofia"]
[Black "Kaczmarska, Joanna"]
[Result "1-0"]
[WhiteTitle "k"]
[BlackTitle "k+"]
[WhiteElo "1903"]
[BlackElo "2010"]

1. e4 e6 2. d4 d5 3. Nd2 Nc6 4. Ngf3 Nf6 5. e5 Nd7 6. Bd3 Nb4 7. Be2 c5 8. c3 Nc6
9. Bd3 Qb6 10. O-O cxd4 11. cxd4 Nxd4 12. Nxd4 Qxd4 13. Nf3 Qb6 14. Qa4 Qb4 15.
Qc2 h6 16. a3 Qc5 17. Qe2 Qc7 18. Bf4 Nc5 19. Rac1 Qd8 20. Bb1 b6 21. Qe3 Ba6
22. Rfd1 Qd7 23. b4 Na4 24. Qd2 b5 25. Be3 Be7 26. Bd4 Bd8 27. Bd3 Bb7 28. Qe2
a6 29. Qe3 Bc6 30. Nd2 Rb8 31. Nb3 Bb6 32. Bxb6 Rxb6 33. Rc2 O-O 34. Rdc1 Rc8
35. Nd4 Bb7 36. f4 Rxc2 37. Rxc2 g6 38. Qc1 Qd8 39. g3 h5 40. Rc7 Nb2 41. Qc5
Na4 42. Qc2 Qe8 43. h3 Kf8 44. h4 Kg8 45. Be2 Qd8 46. Bd1 Qb8 47. Qc1 Nb2 48.
Qc5 Bc6 49. Nxc6 Qxc7 50. Ne7+ Qxe7 51. Qxe7 Rb8 52. Qc7 Rf8 53. Bb3 Nc4 54. a4
Nd2 55. Bd1 Ne4 56. Kg2 d4 57. Qd7 Nc3 58. Qxd4 Nxd1 59. Qxd1 bxa4 60. Qxa4 Rb8
61. Kf3 Kg7 62. Ke4 Rb6 63. Kd4 Rb7 64. Kc4 Ra7 65. Kb3 Ra8 66. Qc6 Ra7 67. Qb6
Ra8 68. Qb7 Rb8 1-0

[Event "Druzynowe Mistrzostwa Polski Juniorow - Ekstraliga Juniorow 2019"]
[Site "DW Globus Ustron Jaszowiec ul. Turystyczna 6"]
[Date "1899-12-30"]
[Round "5.6"]
[White "Kandula, Jasmina"]
[Black "Scisla, Oliwia"]
[Result "0-1"]
[WhiteTitle "II+"]
[BlackTitle "I++"]
[WhiteElo "1040"]
[BlackElo "1247"]

1. e4 c6 2. d4 d5 3. exd5 cxd5 4. Bd3 Nc6 5. c3 e5 6. dxe5 Nxe5 7. Bb5+ Nc6 8.
Nf3 Bg4 9. O-O Nf6 10. Bg5 Be7 11. Qa4 Bd7 12. Bxf6 Bxf6 13. Re1+ Be7 14. Ne5
Qc7 15. Nxd7 Qxd7 16. Qf4 O-O 17. Nd2 h6 18. Nf3 Bd6 19. Qd2 Rfe8 20. Rxe8+ Rxe8
21. Rd1 Rd8 22. Kh1 Bc7 23. c4 d4 24. Bxc6 bxc6 25. Nxd4 Bb6 26. Nf3 Qxd2 27.
Rxd2 Rxd2 28. Nxd2 Bxf2 29. Ne4 Bd4 30. b3 Kf8 31. g3 Ke7 32. Kg2 Ke6 33. Kf3
Ke5 34. Nd2 Bc3 35. Nb1 Kd4 36. Ke2 g5 37. g4 a5 38. a3 Bb2 39. Kd2 Ke4 40. Nc3+
Kf4 41. h3 Kg3 42. b4 Bxa3 43. bxa5 Kxh3 44. Ne4 Bb4+ 45. Ke3 Bxa5 46. Nf6 Bc3
47. Ne4 Be5 48. Nf2+ Kg3 49. Ne4+ Kxg4 50. Nf2+ Kf5 51. Nd3 g4 52. Ne1 c5 53.
Ng2 Bd4+ 54. Kd3 g3 55. Kd2 Ke4 56. Ke2 f5 57. Nh4 f4 58. Nf3 g2 59. Nd2+ Kf5
60. Nf3 Kg4 0-1

[Event "Druzynowe Mistrzostwa Polski Juniorow - Ekstraliga Juniorow 2019"]
[Site "DW Globus Ustron Jaszowiec ul. Turystyczna 6"]
[Date "1899-12-30"]
[Round "5.7"]
[White "Chylewski, Patryk"]
[Black "Gumularz, Szymon"]
[Result "0-1"]
[WhiteTitle "FM"]
[BlackTitle "IM"]
[WhiteElo "2400"]
[BlackElo "2495"]

1. Nf3 Nf6 2. c4 e6 3. Nc3 d5 4. e3 Be7 5. b3 b6 6. Bb2 Bb7 7. Be2 O-O 8. O-O Nbd7
9. Rc1 a6 10. d4 Bd6 11. Qc2 Qe7 12. Rfd1 Rac8 13. Qb1 Rfe8 14. cxd5 exd5 15.
Bd3 Ne4 16. Bxe4 dxe4 17. Nd2 Qh4 18. Nf1 Re6 19. g3 Qg4 20. Qc2 Rh6 21. Qe2 Qh3
22. d5 Nf6 23. f4 exf3 24. Qxf3 Re8 25. Rc2 Bc8 26. Qg2 Qh5 27. Re1 Bh3 28. Qd2
Ng4 0-1

[Event "Druzynowe Mistrzostwa Polski Juniorow - Ekstraliga Juniorow 2019"]
[Site "DW Globus Ustron Jaszowiec ul. Turystyczna 6"]
[Date "1899-12-30"]
[Round "5.8"]
[White "Czopor, Maciej"]
[Black "Kowalski, Igor"]
[Result "1-0"]
[WhiteTitle "k"]
[BlackTitle "FM"]
[WhiteElo "2250"]
[BlackElo "2320"]

1. e4 e6 2. d4 d5 3. Nd2 Be7 4. Ngf3 Nf6 5. e5 Nfd7 6. Bd3 c5 7. c3 Nc6 8. O-O
g5 9. Bb1 b6 10. h3 Ba6 11. Re1 h5 12. Nb3 g4 13. Nh2 gxh3 14. g3 Qc7 15. Qf3
cxd4 16. cxd4 Bc4 17. Be3 Nb4 18. Rc1 Qd8 19. Nd2 Rc8 20. Nxc4 dxc4 21. Be4 Nf8
22. Nf1 Ng6 23. Nd2 b5 24. a4 a6 25. axb5 axb5 26. Ra7 Nd5 27. Rca1 b4 28. Bg5
h4 29. Bxg6 fxg6 30. Bxe7 Nxe7 31. Ne4 h2+ 32. Kh1 Nf5 33. Nd6+ Nxd6 34. exd6
Rf8 35. d7+ Qxd7 36. Qxf8+ Kxf8 37. Rxd7 hxg3 38. fxg3 c3 39. bxc3 1-0

[Event "Druzynowe Mistrzostwa Polski Juniorow - Ekstraliga Juniorow 2019"]
[Site "DW Globus Ustron Jaszowiec ul. Turystyczna 6"]
[Date "1899-12-30"]
[Round "5.9"]
[White "Fiszer, Bartosz"]
[Black "Luberanski, Jakub"]
[Result "1-0"]
[WhiteTitle "CM"]
[BlackTitle "I++"]
[WhiteElo "2105"]
[BlackElo "2010"]

1. e4 c5 2. Nf3 e6 3. d4 cxd4 4. Nxd4 Nf6 5. Nc3 d6 6. Be3 a6 7. f3 b5 8. g4 h6
9. h4 b4 10. Nce2 e5 11. Nf5 d5 12. g5 hxg5 13. Bxg5 Bxf5 14. exf5 Nbd7 15. Qd2
Qc7 16. O-O-O a5 17. f4 e4 18. Nd4 Bc5 19. Bb5 Qb6 20. Bxf6 gxf6 21. Ba4 O-O-O
22. h5 Bxd4 23. Bxd7+ Kxd7 24. Qxd4 Qxd4 25. Rxd4 Kc6 26. h6 Kc5 27. Rd2 e3 28.
Rg2 Kd4 29. h7 Ke4 30. Rg7 Kxf5 31. Rhg1 Rd7 32. Rh1 Rdd8 33. Rxf7 Kxf4 34. Rxf6+
Ke5 35. Rf7 Ra8 36. Re7+ Kd4 37. Rh4+ Kc5 38. Rxe3 Ra7 39. Reh3 Re7 40. Kd2 Rg7
41. Rh2 Rg3 42. Rh5 Rg7 43. Rh6 Rf7 44. R2h3 Rg7 45. Kd3 Rf7 46. c3 Rg7 47. R6h5
Rg4 48. Rf3 bxc3 49. Kxc3 Rg7 50. Rfh3 Rc7 51. b3 Rg7 52. a3 Rb7 53. R3h4 Rc7
54. Rc4+ Kb6 55. Rh6+ Kb7 56. Rxc7+ Kxc7 57. Kd4 a4 58. b4 Kd7 59. Kxd5 Ke7 60.
b5 Kf7 61. b6 1-0

[Event "Druzynowe Mistrzostwa Polski Juniorow - Ekstraliga Juniorow 2019"]
[Site "DW Globus Ustron Jaszowiec ul. Turystyczna 6"]
[Date "1899-12-30"]
[Round "5.10"]
[White "Starosciak, Szymon"]
[Black "Grzadka, Artur"]
[Result "1-0"]
[WhiteTitle "I"]
[BlackTitle "I"]
[WhiteElo "1697"]
[BlackElo "1582"]

1. e4 c5 2. Nf3 d6 3. d4 cxd4 4. Nxd4 Nf6 5. Nc3 a6 6. Be2 Qc7 7. a4 g6 8. O-O
Bg7 9. Be3 O-O 10. f4 Nbd7 11. a5 Nc5 12. Bf3 Bd7 13. Nd5 Nxd5 14. exd5 Na4 15.
Ra2 Qxa5 16. c3 Qc7 17. Rxa4 Bxa4 18. Qxa4 Rac8 19. h4 h5 20. f5 Bxd4 21. Bxd4
Kh7 22. Be4 Rg8 23. fxg6+ fxg6 24. Rf7+ Kh6 25. Be3+ g5 26. Rh7# 1-0

[Event "Druzynowe Mistrzostwa Polski Juniorow - Ekstraliga Juniorow 2019"]
[Site "DW Globus Ustron Jaszowiec ul. Turystyczna 6"]
[Date "1899-12-30"]
[Round "5.11"]
[White "Moscicka, Pola"]
[Black "Harazinska, Magdalena"]
[Result "1-0"]
[WhiteTitle "k++"]
[BlackTitle "WFM"]
[WhiteElo "1858"]
[BlackElo "2004"]

1. d4 d5 2. c4 c6 3. Nc3 Nf6 4. Nf3 e6 5. Bg5 dxc4 6. a4 Bb4 7. e3 b5 8. Be2 Bb7
9. Qc2 Nbd7 10. O-O a6 11. Ne5 Qc7 12. Nxd7 Nxd7 13. f4 O-O 14. f5 exf5 15. Rxf5
Nb6 16. Bf4 Bd6 17. Rh5 g6 18. Bxd6 Qxd6 19. Ne4 Qd8 20. Rh3 Bc8 21. Rg3 Bf5 22.
Rf1 Bxe4 23. Qxe4 Nd5 24. Qf3 Ra7 25. e4 Nb4 26. Qc3 a5 27. axb5 cxb5 28. d5 Qb6+
29. Kh1 f6 30. Bg4 Re7 31. Bf5 Nd3 32. Qd2 Rg7 33. Be6+ Kh8 34. Rgf3 Qd4 35. Qxa5
Qxb2 36. Rxf6 Rgf7 37. Bxf7 c3 38. Be6 Nf2+ 39. Kg1 Rxf6 40. Qd8+ Kg7 41. Qe7+
1-0